| 000 | 00504nam a2200157Ia 4500 | ||
|---|---|---|---|
| 003 | IN-BaIIA | ||
| 008 | 211028s9999 xx 000 0 eng d | ||
| 040 | _cIIA Library | ||
| 080 |
_aGEN _bGAN |
||
| 100 |
_aGanapati Iyer, E V _914172 |
||
| 245 | 0 |
_aIndian Industrial Developments and Its Problems _cE V Ganapati Iyer |
|
| 260 |
_aBangalore _bGanapati Transwest Associates |
||
| 300 | _aviii, 247p. | ||
| 650 | _aAstronomy and Astrophysics Thesaurus | ||
| 942 | _cBK | ||
| 999 |
_c8457 _d8457 |
||